[Event "Gilan Friendship Cup"]
[Site "Gilan"]
[Date "2014.12.04"]
[Round "7"]
[White "Nejatifar, Nima"]
[Black "Mohammadi, Ehsan"]
[Result "1/2-1/2"]
[WhiteElo "1703"]
[BlackElo "2012"]
[PlyCount "99"]
[EventDate "2014.11.30"]
[EventType "swiss"]
[EventRounds "9"]
[EventCountry "IRI"]
[SourceTitle "CBM 163 Extra"]
[Source "ChessBase"]
[SourceDate "2014.12.23"]
[SourceVersion "1"]
[SourceVersionDate "2014.12.23"]
[SourceQuality "1"]

1. d4 c6 2. c4 d5 3. Nf3 Nf6 4. e3 g6 5. Nc3 a6 6. a4 Bf5 7. c5 Nbd7 8. b4 b5 9. cxb6 Qxb6 10. Ba3 Bg7 11. Be2 0-0 12. 0-0 Rfe8 13. Nh4 e5 14. Nxf5 gxf5 15. dxe5 Nxe5 16. Rc1 Ne4 17. a5 Qc7 18. Na4 Rad8 19. Nc5 Nc4 20. Nxe4 dxe4 21. Rxc4 Rxd1 22. Rxd1 Qb7 23. Rdc1 Re6 24. Rc5 Be5 25. Bc4 Re8 26. Be2 f4 27. Rxc6 fxe3 28. fxe3 Qa7 29. R1c5 Re6 30. Kf2 Rxc6 31. Rxc6 Qd7 32. b5 axb5 33. Rc5 f6 34. a6 b4 35. Bxb4 Qa4 36. Rc8+ Kg7 37. Bc5 Qd7 38. Bf8+ Kg6 39. Rc2 Bb8 40. Rc5 Be5 41. Rc2 Bb8 42. Rc5 f5 43. Rb5 Qd8 44. Bc5 Qh4+ 45. Kf1 Qxh2 46. a7 Qh1+ 47. Kf2 Qh4+ 48. Kf1 Qh1+ 49. Kf2 Qh4+ 50. Kf1 1/2-1/2

[Event "Gilan Friendship Cup"]
[Site "Gilan"]
[Date "2014.12.03"]
[Round "5"]
[White "Khadem Erfani, Sobhan"]
[Black "Mohammadi, Ehsan"]
[Result "1-0"]
[WhiteElo "1682"]
[BlackElo "2012"]
[PlyCount "83"]
[EventDate "2014.11.30"]
[EventType "swiss"]
[EventRounds "9"]
[EventCountry "IRI"]
[SourceTitle "CBM 163 Extra"]
[Source "ChessBase"]
[SourceDate "2014.12.23"]
[SourceVersion "1"]
[SourceVersionDate "2014.12.23"]
[SourceQuality "1"]

1. d4 Nf6 2. c4 c6 3. Nf3 d5 4. e3 g6 5. Bd3 Bg7 6. 0-0 a6 7. Qc2 b5 8. b3 Nh5 9. Bb2 f5 10. Ne5 Be6 11. Nd2 Nf6 12. f3 0-0 13. Rae1 Bh6 14. e4 Nfd7 15. exd5 cxd5 16. Nxg6 hxg6 17. Rxe6 Nf6 18. Rfe1 Rf7 19. Nf1 Ra7 20. c5 Rc7 21. a4 Qd7 22. axb5 axb5 23. Rb6 b4 24. Rxb8+ Kg7 25. Rxb4 Rc8 26. Rb6 Qc7 27. Ree6 Rh8 28. b4 Kf8 29. Qe2 Rfh7 30. Qe5 Bf4 31. Qxc7 Bxc7 32. Rbc6 Bxh2+ 33. Nxh2 Rxh2 34. Rc8+ Kf7 35. Rxh8 Rxh8 36. Ra6 Nh5 37. Bc1 e6 38. b5 Kf6 39. b6 g5 40. b7 Ng3 41. Ra8 Rh1+ 42. Kf2 1-0